Transformación de la madera : mediante seis máquinas herramienta : mecanismos, funciones y operaciones /
Manual introductorio al conocimiento y uso de varias máquinas herramienta para el tratamiento y tallado de madera: Cepillo; Canteador; Sierra circular de mesa; Sierlla circular de brazo radial; Trompo; Escoplo.
Guardat en:
| Autor principal: | |
|---|---|
| Format: | Llibre |
| Idioma: | espanyol |
| Publicat: |
México :
Universidad Autónoma Metropolitana Xochimilco,
2000, c2000
|
| Matèries: | |
| Etiquetes: |
Sense etiquetes, Sigues el primer a etiquetar aquest registre!
|
MARC
| LEADER | 00000nam^a2200000^a^4500 | ||
|---|---|---|---|
| 001 | 000157616 | ||
| 005 | 20250521000000.0 | ||
| 009 | 20260310100546.029 | ||
| 020 | |a 970-654-384-8 | ||
| 037 | |a Acervo ITESO - Biblioteca | ||
| 041 | |a ESP | ||
| 082 | |a 674. |b MED | ||
| 100 | |a Medina Barrera, Agustín |e (autor) | ||
| 245 | 1 | 0 | |a Transformación de la madera : |b mediante seis máquinas herramienta : mecanismos, funciones y operaciones / |c A. Medina Barrera ; pról. de Adolfo Romero Regús. |
| 264 | 4 | |a México : |b Universidad Autónoma Metropolitana Xochimilco, |c 2000, c2000 | |
| 300 | |a 77 p. | ||
| 336 | |a texto |b txt |2 rdacontenido | ||
| 337 | |a sin mediación |b n |2 rdamedio | ||
| 338 | |a volumen |b nc |2 rdasoporte | ||
| 520 | |a Manual introductorio al conocimiento y uso de varias máquinas herramienta para el tratamiento y tallado de madera: Cepillo; Canteador; Sierra circular de mesa; Sierlla circular de brazo radial; Trompo; Escoplo. | ||
| 649 | |a XX | ||
| 650 | |a Cortadoras | ||
| 650 | |a Maquinaria de Carpintería - |x Tema Principal | ||
| 650 | |a Máquinas Herramientas | ||
| 650 | |a Herramientas - |x Manuales | ||
| 650 | |a Madera | ||
| 650 | |a Carpintería y Ebanistería - |x Equipo y Aparatos | ||
| 650 | |a Carpintería y Ebanistería | ||
| 650 | |a Ingeniería | ||
| 910 | |a Fondo General | ||
| 920 | |a Impresos - Libros | ||
| 930 | |a Colección General | ||
| 905 | |a 101 | ||
| 901 | |a 0500087062 |b IT1 |c ACC |u 20250521 | ||
| 902 | |a https://opac.biblio.iteso.mx/vufind/Record/000157616 | ||